LEADER 01197nam a2200301 i 4500 001 991000965649707536 008 101123s2010 it 000 0 ita d 020 $a9788856830026 035 $ab1393918x-39ule_inst 040 $aDip.to Scienze pedagogiche$bita 082 0 $a370.15 082 0 $a612.805 100 1 $aFiz Perez, Francisco Javier$0473989 245 13$aLa costruzione della mente tra neurologia e pedagogia /$cFrancisco Javier Fiz Perez, Francesco Caserta 260 $aMilano :$bF. Angeli,$c2010 300 $a272 p. ;$c23 cm 440 0$aCultura scienza e società ;$v37 504 $aCont. riferimenti bibl. 650 4$aFilosofia della mente 650 4$aNeuropsicologia 650 4$aPsicologia dell'educazione 700 1 $aCaserta, Francesco$eauthor$4http://id.loc.gov/vocabulary/relators/aut$0731542 907 $a.b1393918x$b02-04-14$c23-11-10 912 $a991000965649707536 945 $aLE022 370 FIZ01.01$g1$i2022000133227$lle022$nLE022/PALOMBA/2010$op$pE32.00$q-$rl$s- $t0$u8$v1$w8$x0$y.i15201776$z25-11-10 996 $aCostruzione della mente tra neurologia e pedagogia$91441209 997 $aUNISALENTO 998 $ale022$b23-11-10$cm$da $e-$fita$git $h3$i0 LEADER 03043oas 2201141 a 450 001 9910143852103321 005 20251106213014.0 011 $a1532-7795 035 $a(DE-599)ZDB2017369-6 035 $a(OCoLC)45007111 035 $a(CONSER) 2001214608 035 $a(CKB)954925593477 035 $a(EXLCZ)99954925593477 100 $a20000913a19919999 sy a 101 0 $aeng 135 $aurmnu|||||||| 181 $ctxt$2rdacontent 182 $cc$2rdamedia 183 $acr$2rdacarrier 200 00$aJournal of research on adolescence 210 $a[Mahwah, NJ] $cL. Erlbaum Associates 210 3 $aHoboken $cWiley-Blackwell 215 $a1 online resource 300 $aRefereed/Peer-reviewed 311 08$a1050-8392 517 1 $aJournal of Research on Adolescence (Lawrence Erlbaum) 517 1 $aJournal of Research on Adolescence (Wiley-Blackwell) 531 0 $aJ. res. adolesc. 606 $aAdolescence$vPeriodicals 606 $aAdolescent 606 $aHumans 606 $aPediatrics 606 $aAdolescence$vPe?riodiques 606 $aPe?diatrie 606 $aE?tres humains 606 $aHomo sapiens (species)$2aat 606 $aChild & Adolescent Psychology$2ebps 606 $aAdolescence$2fast$3(OCoLC)fst00796984 606 $aAdolescence$2rasuqam 606 $aAdolescent$2rasuqam 606 $aComportement social$2rasuqam 606 $aApprentissage cognitif$2rasuqam 606 $aDe?veloppement de la personnalite?$2rasuqam 606 $aSocialisation$2rasuqam 608 $aPeriodicals.$2fast 608 $aPeriodicals.$2lcgft 608 $aPe?riodique e?lectronique (Descripteur de forme)$2rasuqam 608 $aRessource Internet (Descripteur de forme)$2rasuqam 615 0$aAdolescence 615 02$aAdolescent. 615 02$aHumans. 615 12$aPediatrics. 615 6$aAdolescence 615 6$aPe?diatrie. 615 6$aE?tres humains. 615 7$aHomo sapiens (species) 615 7$aChild & Adolescent Psychology. 615 7$aAdolescence. 615 17$aAdolescence. 615 7$aAdolescent. 615 7$aComportement social. 615 7$aApprentissage cognitif. 615 7$aDe?veloppement de la personnalite? 615 7$aSocialisation. 676 $a305 801 0$bF#A 801 1$bF#A 801 2$bNSD 801 2$bOCL 801 2$bOCLCQ 801 2$bUQ1 801 2$bOCLCQ 801 2$bOCLCO 801 2$bOCLCF 801 2$bVT2 801 2$bOCLCQ 801 2$bWT2 801 2$bDLC 801 2$bNLE 801 2$bOCLCQ 801 2$bWYU 801 2$bUKMGB 801 2$bOCLCQ 801 2$bU3W 801 2$bNJT 801 2$bOCLCQ 801 2$bSRU 801 2$bUBY 801 2$bOCLCQ 801 2$bCUS 801 2$bOCLCL 801 2$bCSU 801 2$bCASUM 801 2$bOCLCQ 906 $aJOURNAL 912 $a9910143852103321 996 $aJournal of research on adolescence$91412069 997 $aUNINA